Home Print Resources E-Books E-Journals IIMT Lecture Series Library Membership Form Book Recommendation Form Campus Tour Take AdmissionAbout Us Contact Us

ENGINEERING APPLIED CHEMISTRY (Record no. 36036)

000 -LEADER
fixed length control field 00374nam a22001577a 4500
003 - CONTROL NUMBER IDENTIFIER
control field OSt
005 - DATE AND TIME OF LATEST TRANSACTION
control field 20240322110949.0
008 - FIXED-LENGTH DATA ELEMENTS--GENERAL INFORMATION
fixed length control field 170801b xxu||||| |||| 00| 0 eng d
020 ## - INTERNATIONAL STANDARD BOOK NUMBER
International Standard Book Number 9788183600996
040 ## - CATALOGING SOURCE
Transcribing agency SEROSOFT
100 ## - MAIN ENTRY--PERSONAL NAME
Personal name MEHRA,VED PRAKASH
245 ## - TITLE STATEMENT
Title ENGINEERING APPLIED CHEMISTRY
260 ## - PUBLICATION, DISTRIBUTION, ETC.
Place of publication, distribution, etc. DELHI
Name of publisher, distributor, etc. JAIN BROTHER
Date of publication, distribution, etc. 2004
300 ## - PHYSICAL DESCRIPTION
Extent 444
942 ## - ADDED ENTRY ELEMENTS (KOHA)
Source of classification or shelving scheme
Koha item type General Book
Holdings
Withdrawn status Lost status Source of classification or shelving scheme Damaged status Not for loan Home library Current library Date acquired Source of acquisition Coded location qualifier Cost, normal purchase price Total Checkouts Full call number Barcode Date last seen Price effective from Koha item type
          IIMT University Central Library Meerut IIMT University Central Library Meerut 08/01/2017 127 ENGG LIBRARY APPLIED SC 90.00   660 MEH 01-B-122241 08/01/2017 08/01/2017 Book Bank
          IIMT University Central Library Meerut IIMT University Central Library Meerut 08/01/2017 127 ENGG LIBRARY APPLIED SC 90.00   660 MEH 01-B-122242 08/01/2017 08/01/2017 Book Bank
          IIMT University Central Library Meerut IIMT University Central Library Meerut 08/01/2017 127 ENGG LIBRARY APPLIED SC 90.00   660 MEH 01-B-122243 08/01/2017 08/01/2017 Book Bank
IIMT, Central Library. All Rights Reserved IIMT,UNIVERSITY © 2023
Implemented and Customised by I CLOUDE EMS
You Are OPAC Visitor No
free web counter

Powered by Koha